000 00720nam a22002295i 4500
001 48734
003 ES-MaACL
005 20230906161816.0
007 t|
008 950727s1867 gw ||||1| eng d
080 _a821.111-31"18"
100 1 _aDickens, Charles.
_944489
245 1 0 _aSomebody's luggage ;
_bMrs. Lirriper's lodgins ; Mrs. Lirriper's legacy /
_cby Charles Dickens.
246 3 _aMrs. Lirriper's lodgins
246 3 _aMrs. Lirriper's legacy
260 _aLeipzig :
_bBernhard Tauchnitz,
_c1867.
300 _a426 p. ;
_c16 cm.
490 1 _aCollection of British authors ;
_v888
830 1 _aCollection of British authors ;
_v888
_9180703
852 4 _aES-MaACL
_jG-12423
999 _c48734
_d48734